Atmospheric chemistry : fundamentals and experimental techniques

Αποθηκεύτηκε σε:
Λεπτομέρειες βιβλιογραφικής εγγραφής
Κύριος συγγραφέας: Finlayson-Pitts, Barbara J. 1948-
Άλλοι συγγραφείς: Pitts, James N.
Μορφή: Βιβλίο
Γλώσσα:English
Δημοσίευση: New York : John Wiley, 1986
Θέματα:
Ετικέτες: Προσθήκη ετικέτας
Δεν υπάρχουν, Καταχωρήστε ετικέτα πρώτοι!

MARC

LEADER 00000nam a2200000 i 4500
001 1/87177
008 961213s1986 eng d
020 |a 0-471-88227-5 
035 |l 10006661 
040 |a GR-MY-UA  |b gre  |e aacr 
041 0 |a eng 
082 0 |a 551.50154 
100 1 |a Finlayson-Pitts, Barbara J.  |d 1948- 
245 1 0 |a Atmospheric chemistry :  |b fundamentals and experimental techniques /  |c Barbara J. Finlayson-Pitts; James N. Pitts 
260 |a New York :   |b John Wiley,   |c 1986 
300 |a 1098 p. 
500 |a A Wiley-Interscience publication 
504 |a Includes bibliographical references and index 
650 0 0 |a Atmospheric chemistry. 
650 0 0 |a Environmental chemistry. 
700 1 |a Pitts, James N. 
852 |a INST  |b LESVOS  |e 19961213  |h 551.50154 FIN  |p 005100008788  |q 005100008788  |t BK  |y 0 
852 |a INST  |b LESVOS  |e 19981119  |h 551.50154 FIN  |p 005100012711  |q 005100012711  |t BK  |y 0 
909 |a Λ  |b 009730 
909 |a Λ  |b 060225 
950 |a 107-1998-07-17